000 00212nam a2200097Ia 4500
008 240331s9999 xx 000 0 und d
082 _bVIT
100 _aVthiyananthan,S
245 0 _aEalakkiyath thenral
942 _cL
999 _c4775
_d4775